[Event "Paris-ch"]
[Site "Paris"]
[Date "1992.??.??"]
[Round "7"]
[White "Boudre, Jean Pierre"]
[Black "Nemirovski, Serge"]
[Result "1-0"]
[WhiteElo "2380"]
[BlackElo "2265"]

1.e4 c5 2.Nf3 Nc6 3.d4 cxd4 4.Nxd4 Qb6 5.Nb3 Nf6 6.Nc3 e6 7.Bd3 a6 8.Be3 Qc7
9.f4 d6 10.Qf3 Be7 11.g4 b5 12.g5 Nd7 13.h4 Bb7 14.Qf2 O-O-O 15.a4 b4 16.Nb5 Qb8
17.Bc4 h6 18.g6 axb5 19.axb5 Nde5 20.fxe5 Nxe5 21.Be2 Bxe4 22.O-O Bxg6 23.b6 Be4
24.Ba6+ Bb7 25.Bxb7+ Qxb7 26.Ra7 Qe4 27.Rxe7 Rd7 28.Rxd7 Kxd7 29.Bd4 f5 30.Bxe5 Qxe5
31.Ra1 Rb8 32.Ra7+ Kc8 33.Rc7+ Kd8 34.Nd4 Rxb6 35.Nc6+ Rxc6 36.Rxc6 g5 37.Qb6+ Ke7
38.Qc7+ Kf6 39.Qd8+ Kg6 40.Qe8+ Kf6 41.Qh8+ Kg6 42.Qxe5 dxe5 43.Rxe6+  1-0

[Event "Paris-ch"]
[Site "Paris"]
[Date "1992.??.??"]
[Round "9"]
[White "Lamoureux, Charles"]
[Black "Nemirovski, Serge"]
[Result "1-0"]
[WhiteElo "2295"]
[BlackElo "2265"]

1.e4 c5 2.Nf3 Nc6 3.d4 cxd4 4.Nxd4 Qb6 5.Nb3 Nf6 6.Nc3 e6 7.Bd3 a6 8.Be3 Qc7
9.f4 d6 10.Qf3 Be7 11.g4 b5 12.g5 Nd7 13.O-O-O Bb7 14.h4 O-O-O 15.Kb1 Na5
16.Bxb5 axb5 17.Nxb5 Qc4 18.Na7+ Kb8 19.Nxa5 Bxe4 20.N7c6+ Kc7 21.Nxc4 Bxf3
22.Nxd8 Kxd8 23.Rhe1 Bxd1 24.Rxd1 d5 25.Na5 Kc7 26.a3 Nc5 27.c4 Ra8 28.b4 Ne4
29.Rc1 Kd7 30.Kb2 Ng3 31.c5 Nf5 32.Bf2 Bd8 33.c6+ Kc8 34.Nb3 Bc7 35.b5 Bxf4
36.Re1 Nd6 37.b6 Nc4+ 38.Kc3 Rxa3 39.Kb4 Ra2 40.Bd4 e5 41.Bc5 e4 42.Rf1 e3
43.Rxf4 e2 44.b7+ Kb8 45.Bf2 Ne5 46.Rxf7 Nxc6+ 47.Kc3 d4+ 48.Nxd4 Ra3+ 49.Nb3 Ne5
50.Re7  1-0

[Event "BUL-ch (Women)"]
[Site "Pernik"]
[Date "1992.??.??"]
[Round "3"]
[White "Savova, Stefka"]
[Black "Stefanova, Antoaneta"]
[Result "1/2-1/2"]
[WhiteElo "2140"]
[BlackElo "2140"]

1.e4 c5 2.Nf3 Nc6 3.d4 cxd4 4.Nxd4 Qc7 5.Nc3 e6 6.g3 a6 7.Bg2 Nf6 8.O-O Nxd4
9.Qxd4 Bc5 10.Qd1 d6 11.Re1 O-O 12.Bg5 Nd7 13.Na4 b5 14.Nxc5 Nxc5 15.e5 d5
16.Qg4 Kh8 17.Qh4 Re8 18.Rad1 Bb7 19.Qd4 Rac8 20.Re2 Ne4 21.Bxe4 dxe4 22.Qd7 Bd5
23.Qxc7 Rxc7 24.Red2 h6 25.Be3 Rec8  1/2-1/2

[Event "BUL-ch (Women)"]
[Site "Pernik"]
[Date "1992.??.??"]
[Round "4"]
[White "Bratimirova, Dimitrinka"]
[Black "Genova, Ruzka"]
[Result "1/2-1/2"]
[WhiteElo "2100"]
[BlackElo "2185"]

1.e4 c5 2.Nf3 Nc6 3.d4 cxd4 4.Nxd4 Qc7 5.Nc3 e6 6.Be2 a6 7.O-O Nf6 8.a3 Nxd4
9.Qxd4 Bc5 10.Qd3 b5 11.Bf3 Rb8 12.Re1 d6 13.b4 Ba7 14.Bf4 e5 15.Bg5 Be6
16.Bxf6 gxf6 17.Nd5 Bxd5 18.exd5 Rc8 19.Rac1 Qc3 20.Qf5 Ke7 21.Bg4 Rc7 22.Kh1 Rg8
23.f4 Bd4 24.Rcd1 Rg6 25.h3 Rg7 26.Re4 h5 27.Rdxd4 hxg4 28.hxg4 Rg6 29.g5 Qxc2
30.fxe5 fxe5 31.Rxe5+ dxe5 32.Qxe5+ Kf8 33.d6 Rb7 34.Qd5 Qc8 35.Rh4 Kg8 36.Qe5 Qc1+
37.Kh2 Qxg5 38.Qe4 Qf6 39.Qxb7 Qxd6+ 40.Kh1 Qd1+ 41.Kh2 Qd6+ 42.Kh1  1/2-1/2

[Event "Rubinstein mem"]
[Site "Polanica Zdroj"]
[Date "1992.??.??"]
[Round "3"]
[White "Gdanski, Jacek"]
[Black "Dorfman, Josif D"]
[Result "1/2-1/2"]
[WhiteElo "2500"]
[BlackElo "2610"]

1.e4 c5 2.Nf3 Nc6 3.d4 cxd4 4.Nxd4 Qc7 5.Nc3 e6 6.g3 a6 7.Bg2 Nf6 8.O-O Nxd4
9.Qxd4 Bc5 10.Bf4 d6 11.Qd2 h6 12.Rad1 e5 13.Be3 Ke7 14.Bxc5 Qxc5 15.Na4 Qc6
16.f4 a5 17.fxe5 dxe5 18.Qd3 b5 19.Nc3 Qc5+ 20.Kh1 Be6 21.Nd5+ Bxd5 22.exd5 Qd6
23.Rde1 Rhc8 24.Qf5 Kf8 25.Rxe5 Rxc2 26.Qxc2 Qxe5 27.Qc6 Rb8 28.Rf5 Qe1+
29.Rf1 Qe5 30.Rf5  1/2-1/2

[Event "Sao Paulo op"]
[Site "Sao Paulo"]
[Date "1992.??.??"]
[Round "?"]
[White "Tsuboi, Edson Kenji"]
[Black "D'Israel, Davy"]
[Result "1-0"]
[WhiteElo "2335"]
[BlackElo "2275"]

1.e4 c5 2.Nf3 Nc6 3.d4 cxd4 4.Nxd4 Qc7 5.Nb5 Qb8 6.c4 a6 7.N5c3 e6 8.Be3 Nf6
9.f4 d6 10.Be2 Be7 11.O-O O-O 12.Nd2 b6 13.Bf3 e5 14.f5 b5 15.a3 b4 16.Nd5 Bd8
17.Nb3 Nxd5 18.cxd5 Bb6 19.Qd2 Ne7 20.Rfc1 Bd7 21.axb4 Rc8 22.Rxc8+ Nxc8
23.Rc1 Bxe3+ 24.Qxe3 Qxb4 25.h3 Be8 26.Kh2 Nb6 27.f6 Nd7 28.fxg7 Qb6 29.Qh6 Qxb3
30.Bg4 Nf6 31.Qxf6 Qe3 32.Rf1 h6 33.h4 Qxe4 34.Bf5 Qe3 35.Rf3 Qd2 36.Rg3 Qf4  1-0

[Event "Sochi-chJ"]
[Site "Sochi"]
[Date "1992.??.??"]
[Round "?"]
[White "Yemelin, Vasily"]
[Black "Landa, Konstantin"]
[Result "1/2-1/2"]
[WhiteElo "2345"]
[BlackElo "2450"]

1.e4 c5 2.Nf3 Nc6 3.d4 cxd4 4.Nxd4 Qc7 5.Nc3 e6 6.Be2 a6 7.O-O Nf6 8.Be3 Bb4
9.Na4 Be7 10.Nxc6 bxc6 11.Nb6 Rb8 12.Nxc8 Qxc8 13.e5 Nd5 14.Bc1 Bc5 15.c4 Ne7
16.b3 Qc7 17.Bb2 Ng6 18.Qd3 a5 19.Bd1 d6 20.exd6 Bxd6 21.g3 Be5 22.Bxe5 Nxe5
23.Qc3 O-O 24.Re1 Nd7 25.Bf3 c5 26.Rad1 Rfd8 27.Rd2 Nf6 28.Red1 Kf8 29.Qe3 Rxd2
30.Rxd2 h6 31.h4  1/2-1/2

[Event "Sochi-chJ"]
[Site "Sochi"]
[Date "1992.??.??"]
[Round "?"]
[White "Shchekachev, Andrei"]
[Black "Landa, Konstantin"]
[Result "1/2-1/2"]
[WhiteElo "2375"]
[BlackElo "2450"]

1.e4 c5 2.Nf3 Nc6 3.d4 cxd4 4.Nxd4 Qc7 5.Nc3 e6 6.g3 a6 7.Bg2 Nf6 8.O-O Be7
9.Re1 O-O 10.Nxc6 dxc6 11.e5 Rd8 12.Qf3 Nd5 13.h4 Nxc3 14.Qxc3 Bd7 15.Bg5 Be8
16.Be4 h6 17.Bxe7 Qxe7 18.Rad1 Qc7 19.Qc5 b6 20.Qe3 Rxd1 21.Rxd1 Rd8 22.Rxd8 Qxd8
23.b4 h5 24.Bd3 a5 25.bxa5 bxa5 26.Qc5 g6 27.Kg2 Qd5+ 28.Qxd5 exd5 29.Kf3 c5
30.Kf4 Kf8 31.c3 Ke7 32.f3 f6 33.exf6+ Kxf6 34.g4 hxg4 35.fxg4 Bf7 36.a3 Be8
37.Be2 Bf7 38.Bf3 Bg8 39.Bd1 Bf7 40.Ba4 Ke6  1/2-1/2

[Event "BUL-ch sf"]
[Site "Sofia"]
[Date "1992.??.??"]
[Round "8"]
[White "Panbukchian, Valentin"]
[Black "Panchev, Pavel"]
[Result "1-0"]
[WhiteElo "2340"]
[BlackElo "2330"]

1.e4 c5 2.Nf3 Nc6 3.d4 cxd4 4.Nxd4 Qb6 5.Nb3 Nf6 6.Nc3 e6 7.Bg5 Be7 8.Bd3 a6
9.O-O Qc7 10.f4 d6 11.a4 h6 12.Bh4 Rg8 13.Bf2 b6 14.Qe2 Bb7 15.f5 e5 16.Rfd1 Nb4
17.a5 b5 18.Bb6 Qc8 19.Bxb5+ axb5 20.Qxb5+ Nc6 21.Nd5 Kf8 22.Nc7 Rb8 23.a6 Ba8
24.a7 Qxc7 25.axb8=Q+ Qxb8 26.Na5 Nxa5 27.Qxa5 Bxe4 28.Bc7 Qc8 29.Bxd6 Bxd6
30.Rxd6 Qxc2 31.Rd8+ Ke7 32.Rd2 Qc6 33.Qxe5+ Kf8 34.Re1 g6 35.Rd8+ Kg7 36.Rd6  1-0

[Event "BUL-ch sf"]
[Site "Sofia"]
[Date "1992.??.??"]
[Round "9"]
[White "Dimitrov, Vladimir"]
[Black "Lalev, Dimitar"]
[Result "1/2-1/2"]
[WhiteElo "2405"]
[BlackElo "2425"]

1.e4 c5 2.Nf3 Nc6 3.d4 cxd4 4.Nxd4 Qc7 5.Nc3 e6 6.Be2 a6 7.O-O Nf6 8.Be3 Bb4
9.Na4 O-O 10.Nxc6 bxc6 11.f4 Rb8 12.c4 Nxe4 13.Bd3 d5 14.c5 Qe7 15.Bxe4 dxe4
16.a3 Ba5 17.Qd6 Qxd6 18.cxd6 Rb3 19.Kf2 e5 20.fxe5 f6 21.h3 c5 22.e6 Bxe6
23.Nxc5 Rxb2+ 24.Kg3 Kf7 25.Rab1  1/2-1/2

[Event "Subotica Palic"]
[Site "Subotica"]
[Date "1992.??.??"]
[Round "?"]
[White "Vuksanovic, Sanja"]
[Black "Knezevic, Bojan"]
[Result "1-0"]
[WhiteElo "2270"]
[BlackElo "2370"]

1.e4 c5 2.Nf3 Nc6 3.d4 cxd4 4.Nxd4 Qb6 5.Nb3 Nf6 6.Nc3 e6 7.Bd3 a6 8.O-O Be7
9.Be3 Qc7 10.f4 d6 11.Qf3 O-O 12.g4 b5 13.g5 Nd7 14.Rae1 Re8 15.Qh3 g6 16.Rf3 Nb4
17.Ref1 Bb7 18.Bd4 f5 19.exf5 exf5 20.Bxf5 gxf5 21.g6 Nf6 22.Rg3 Nxc2 23.Qh6 Nxd4
24.gxh7+ Kf7 25.Qg6+  1-0

[Event "Subotica Palic"]
[Site "Subotica"]
[Date "1992.??.??"]
[Round "?"]
[White "Marinkovic, Slavisa"]
[Black "Knezevic, Bojan"]
[Result "1-0"]
[WhiteElo "2415"]
[BlackElo "2370"]

1.e4 c5 2.Nf3 Nc6 3.d4 cxd4 4.Nxd4 Qb6 5.Nb3 Nf6 6.Nc3 e6 7.Bd3 a6 8.O-O Be7
9.Be3 Qc7 10.f4 d6 11.Qf3 O-O 12.Nd4 Nxd4 13.Bxd4 e5 14.fxe5 dxe5 15.Qg3 Bc5
16.Bxc5 Qxc5+ 17.Kh1 Qe7 18.Bc4 b5 19.Nd5 Nxd5 20.Bxd5 Rb8 21.Rad1 Rb6 22.Rf3 Rg6
23.Qf2 Be6 24.h3 Bxd5 25.Rxd5 Rd6 26.Qc5 Re6 27.Qxe7 Rxe7 28.Rd6 Re6 29.Rxe6 fxe6
30.Rxf8+ Kxf8 31.Kg1 Ke7 32.Kf2 Kd6 33.b4 Kd7 34.Ke3 Kd6 35.Kd3 Kc6 36.c4 Kb6
37.Kc3 bxc4 38.Kxc4 Kc6 39.a4 Kb6 40.g4 g5 41.Kb3 Kc6 42.Kc3 Kc7 43.Kb3 Kc6
44.Kc2 Kb6 45.Kd3 Kc6 46.h4 h6 47.hxg5 hxg5 48.Kc4 Kb6 49.a5+ Kc6 50.b5+  1-0

[Event "SWZ-ch int"]
[Site "?"]
[Date "1992.??.??"]
[Round "2"]
[White "Renet, Olivier"]
[Black "Horvath, Jozsef"]
[Result "1/2-1/2"]
[WhiteElo "2530"]
[BlackElo "2505"]

1.e4 c5 2.Nf3 Nc6 3.d4 cxd4 4.Nxd4 Qc7 5.Nc3 e6 6.Be2 a6 7.O-O Nf6 8.Be3 Bb4
9.Nxc6 bxc6 10.Na4 O-O 11.c4 Be7 12.Bd3 c5 13.f4 d6 14.Nc3 Bb7 15.Qf3 Rad8
16.Rad1 Bc6 17.Qh3 Qb7 18.e5 Ne4 19.b3 g6 20.Bxe4 Bxe4 21.exd6 Bxd6 22.Nxe4 Qxe4
23.Qg3 Rd7 24.Qf3 Qxf3 25.Rxf3 Rfd8 26.Kf1 Be7 27.Rxd7 Rxd7 28.Ke2 h5 29.Bd2 Kf8
30.Bc3 Ke8 31.g3 Kd8 32.h3 Kc7 33.g4 hxg4 34.hxg4 Kc6 35.f5 Bg5 36.fxg6 fxg6
37.Rf8 Rd8 38.Rf1 Rd7 39.Bf6 Bd2 40.Rf3 Bc1 41.Bc3 Bg5 42.Rf8 Rd8 43.Rf1 Rd7
44.Bf6 Bd2 45.Rh1 Bf4 46.Bc3  1/2-1/2

[Event "Air Force-ch"]
[Site "USA"]
[Date "1992.??.??"]
[Round "7"]
[White "Wilson, M."]
[Black "Waldowski, P."]
[Result "0-1"]
[WhiteElo "1930"]
[BlackElo "2135"]

1.e4 c5 2.Nf3 Nc6 3.d4 cxd4 4.Nxd4 Qb6 5.Nb3 Nf6 6.Nc3 e6 7.Be3 Qc7 8.Be2 Bb4
9.Bf3 Ne5 10.Bd2 Nxf3+ 11.Qxf3 Qc4 12.Qd3 Qxd3 13.cxd3 O-O 14.e5 Ne8 15.Ne4 Bxd2+
16.Nbxd2 d5 17.exd6 f5 18.d7 Bxd7 19.Nc5 Bc8 20.O-O b6 21.Ncb3 Nd6 22.Rfe1 Rd8
23.Nf3 h6 24.Nfd4 Re8 25.Rac1 e5 26.Nf3 Nf7 27.Nbd2 Ba6 28.Nc4 Rac8 29.b3 g5
30.h3 Kg7 31.a4 Kf6 32.g4 Bb7 33.Nfd2 Red8 34.Rc3 Rd4 35.gxf5 Kxf5 36.Rec1 Kg6
37.Ne3 Rxc3 38.Rxc3 Ba6 39.Ndc4 Bb7 40.Kh2 h5 41.Ng2 g4 42.hxg4 Rxg4 43.Nge3 Rf4
44.Rc2 Rh4+ 45.Kg3 Rd4 46.Nb2 h4+ 47.Kh2 Ng5 48.Rc7 Rf4 49.Nbd1 Rf7 50.Rxf7 Kxf7
51.Nc3 Ke6 52.b4 Nf3+ 53.Kh3 Bc8 54.Ng4 Kf5 55.Ne4 Kf4 56.Nf6 Bf5 57.a5 bxa5
58.bxa5 Kg5 59.Ne4+ Kf4 60.Nf6 a6 61.Nd5+ Kg5 62.Ne3 Be6 63.Nc4 Bxg4+ 64.Kg2 Ne1+
65.Kf1 Nxd3 66.Ne3 Bf3 67.Nc2 h3 68.Kg1 Kf4  0-1

[Event "Wisla BES op"]
[Site "Wisla"]
[Date "1992.??.??"]
[Round "4"]
[White "Ciemniak, Robert"]
[Black "Dabek, Roman"]
[Result "0-1"]
[WhiteElo "2335"]
[BlackElo "2340"]

1.e4 c5 2.Nf3 Nc6 3.d4 cxd4 4.Nxd4 Qc7 5.Nc3 e6 6.Be2 Nf6 7.O-O a6 8.Be3 Bb4
9.Nxc6 bxc6 10.Na4 d5 11.exd5 cxd5 12.Nb6 Rb8 13.Nxc8 Qxc8 14.c3 Bd6 15.Qa4+ Ke7
16.Rab1 Qc7 17.h3 a5 18.b4 Ne4 19.Qxa5 Qxa5 20.bxa5 Nxc3 21.Rbe1 Rhc8 22.Bd3 Bc5
23.Bf4 Bd6 24.Be3 Rb4 25.Rc1 Bf4 26.Rc2 e5 27.Rfc1 d4 28.Bxf4 exf4 29.a6 Kd6
30.Be4 Rc7 31.Kf1 g6 32.Bb7 Ra4 33.Ke1 Re7+ 34.Kd2 Ra3 35.Re1 Rxe1 36.Kxe1 Kc5
37.Kd2 Kc4 38.Be4 f5 39.Bd3+ Kd5 40.f3 Kc6 41.Bf1 Kd6 42.Bc4 Nd5 43.Bb3 Ne3
44.Rc1 Nxg2 45.Rc4 Rxa6 46.Rxd4+ Ke5 47.Rd5+ Kf6 48.a4 Nh4 49.Bd1 Ke6 50.Rb5 Ra7
51.a5 Kd6 52.Kd3 Ng2 53.Kd4 Ne3 54.Bb3 g5 55.Re5 Rb7 56.Re6+ Kd7 57.Rb6 Rxb6
58.axb6 Kc6 59.Ke5 Kxb6 60.Be6 Kc5 61.Bxf5 Nxf5 62.Kxf5 Kd4 63.Kxg5 Ke3 64.Kg4 h5+
65.Kxh5 Kxf3 66.h4 Kg3 67.Kg5 f3  0-1

[Event "Oberliga Wuert9192"]
[Site "Wuerttemberg"]
[Date "1992.??.??"]
[Round "?"]
[White "Krockenberger, Martin"]
[Black "Zeller, Frank"]
[Result "1-0"]
[WhiteElo "2325"]
[BlackElo "2380"]

1.e4 c5 2.Nf3 Nc6 3.d4 cxd4 4.Nxd4 Qc7 5.Be2 e6 6.O-O Nf6 7.Nc3 a6 8.Be3 Bb4
9.Na4 Rb8 10.c4 Be7 11.Nc3 Ne5 12.Rc1 h5 13.f3 b6 14.Qd2 Bb7 15.h3 Ng6 16.Rfd1 h4
17.Bd3 Nh5 18.Nde2 Bc5 19.a3 Nhf4 20.Nxf4 Nxf4 21.Bf1 Rh5 22.Bxc5 bxc5 23.Re1 Qe5
24.Rcd1 Bc6 25.Nd5 g5 26.b4 Kf8 27.Nxf4 gxf4 28.Rb1 Ke7 29.b5 Ba8 30.Red1 d6
31.Qa5 Rd8 32.bxa6 Rg5 33.Qe1 Rh5 34.a7 Rhh8 35.Rb6 Kf6 36.Qd2 Ke7 37.Rdb1 Rhg8
38.Rb8 d5 39.Rxd8 Rxd8 40.exd5 Kf6 41.Re1 Qd4+ 42.Qxd4+ cxd4 43.Rb1 Rd7 44.Rb8 Rxa7
45.d6 Bc6 46.Rb6 Be8 47.c5 Ke5 48.Ra6 Rxa6 49.Bxa6 d3 50.Kf2 Bd7 51.Bb7 Kd4
52.c6 Kc3 53.cxd7 d2 54.d8=Q d1=Q 55.Qa5+ Kb3 56.Qb4+ Ka2 57.Be4  1-0

[Event "Alcobendas op"]
[Site "Alcobendas"]
[Date "1993.??.??"]
[Round "3"]
[White "Repkova Eid, Eva"]
[Black "Urday, Henry"]
[Result "0-1"]
[WhiteElo "2320"]
[BlackElo "2455"]

1.e4 c5 2.Nf3 Nc6 3.d4 cxd4 4.Nxd4 Qb6 5.Nb3 Nf6 6.Nc3 e6 7.Be3 Qc7 8.f4 d6
9.Qf3 a6 10.O-O-O b5 11.e5 dxe5 12.Na5 e4 13.Nxe4 Nd5 14.Nxc6 Qxc6 15.Nc3 Ne7
16.Bb6 Bb7 17.Nxb5 axb5 18.Bxb5 Qxb5 19.Qxb7 Qc6 20.Rd7 Qxb7 21.Rxb7 Nd5
22.Ba7 Bd6 23.Kb1 O-O 24.f5 Bb8 25.Bf2 exf5 26.c4 Nf6 27.Rc1 Ne4 28.Bg1 Bf4
29.Rc2 Rfd8  0-1

[Event "Athens op"]
[Site "Athens"]
[Date "1993.??.??"]
[Round "5"]
[White "Kofidis, Spyridon"]
[Black "Anastasian, Ashot"]
[Result "0-1"]
[WhiteElo "2255"]
[BlackElo "2530"]

1.e4 c5 2.Nf3 Nc6 3.d4 cxd4 4.Nxd4 Qb6 5.Nb3 Nf6 6.Nc3 e6 7.Bd3 a6 8.O-O Be7
9.Kh1 d6 10.f4 Qc7 11.Qf3 b5 12.e5 Nd7 13.exd6 Bxd6 14.Bxb5 Bb7 15.Bd3 Nce5
16.fxe5 Bxf3 17.exd6 Bxg2+ 18.Kxg2 Qxd6 19.Bf4 Qb6 20.a4 Nc5 21.Nxc5 Qxc5
22.Rf3 O-O 23.Ne4 Qc6 24.b4 Rad8 25.b5 Qa8 26.Ng5 h6 27.Bh7+ Kh8 28.Be4 Qa7
29.Rb1 axb5 30.axb5 f5 31.Nxe6 fxe4 32.Rf2 e3 33.Nxf8 exf2 34.Ne6 Qa2 35.Rf1 Qxe6
36.Rxf2 Qd5+  0-1

[Event "AUT-chT"]
[Site "?"]
[Date "1993.??.??"]
[Round "?"]
[White "Klinger, Josef"]
[Black "Titz, Heimo"]
[Result "1/2-1/2"]
[WhiteElo "2445"]
[BlackElo "2325"]

1.e4 c5 2.Nf3 Nc6 3.d4 cxd4 4.Nxd4 Qc7 5.Nc3 e6 6.g3 a6 7.Bg2 Nf6 8.O-O Nxd4
9.Qxd4 Bc5 10.Bf4 d6 11.Qd2 h6 12.Rfd1 e5 13.Be3 Ke7 14.f4 Be6 15.fxe5 dxe5
16.Nd5+ Bxd5 17.exd5 Rhd8 18.Kh1 Bxe3 19.Qxe3 Kf8 20.Rd2 Qd6 21.Re2 Rac8
22.c3 e4 23.Rf1 Rc7 24.Bxe4 Re7 25.Qd3 g6 26.Rf4 Nxe4 27.Rfxe4 Rxe4 28.Qxe4 Qxd5
29.Qxd5 Rxd5 30.Kg2 f5 31.Kf2 Kf7 32.c4 Rd3 33.c5 g5 34.Rc2 f4 35.Ke2 Re3+
36.Kd2 Rf3 37.gxf4 Rxf4 38.b3 a5  1/2-1/2

[Event "AUT-chT"]
[Site "?"]
[Date "1993.??.??"]
[Round "?"]
[White "Felsberger, Alfred"]
[Black "Titz, Heimo"]
[Result "1/2-1/2"]
[WhiteElo "2350"]
[BlackElo "2325"]

1.e4 c5 2.Nf3 Nc6 3.d4 cxd4 4.Nxd4 Qc7 5.Nc3 e6 6.Be2 a6 7.O-O Nf6 8.Kh1 Nxd4
9.Qxd4 Bc5 10.Qd3 b5 11.f4 h5 12.e5 Ng4 13.Bf3 Bb7 14.Bxb7 Qxb7 15.Ne4 Rc8
16.c3 Be7 17.Be3 h4 18.Bd4 h3 19.g3 Nh6 20.Qf3 Qc6 21.Rae1 Nf5 22.Bf2 d5
23.exd6 Nxd6 24.Nxd6+ Bxd6 25.Qxc6+ Rxc6 26.Bd4 O-O 27.Re3 Bc5 28.Bxc5 Rxc5
29.Kg1 Rd8 30.Rfe1 b4 31.cxb4 Rc2 32.R1e2 Rdd2 33.Kf2 Rxb2 34.a3 Kf8 35.g4 Ke7
36.Rxd2 Rxd2+ 37.Kg3 f6 38.Kxh3 Kd6 39.Kg3 e5 40.h4 Kd5 41.fxe5 fxe5 42.Kf3 g6
43.h5 gxh5 44.gxh5 Rh2 45.Kg4 e4 46.Rh3 Rg2+ 47.Kf4 Rf2+ 48.Kg5 Rf3 49.Kg4 Rf8
50.h6 Kd4 51.h7 Rh8 52.Kg5 e3 53.Kg6 e2 54.Rh1 Rb8 55.Kg7 Rb7+ 56.Kh6 Rb6+
57.Kg5 Rb8 58.a4 Kd3 59.Kg6 Kd2 60.Kg7 Rb7+ 61.Kg8 Rb8+ 62.Kg7 Rb7+ 63.Kg8  1/2-1/2

[Event "AUT-chT"]
[Site "?"]
[Date "1993.??.??"]
[Round "?"]
[White "Janetschek, Karl"]
[Black "Horvath, Jozsef"]
[Result "0-1"]
[WhiteElo "2325"]
[BlackElo "2505"]

1.e4 c5 2.Nf3 Nc6 3.d4 cxd4 4.Nxd4 Qc7 5.Nc3 e6 6.Be3 a6 7.Qd2 b5 8.f4 Bb7
9.Nb3 d6 10.Be2 Nf6 11.Bf3 Be7 12.O-O O-O 13.g4 Nd7 14.Qf2 Rab8 15.a4 b4
16.Ne2 Ba8 17.Ng3 Nb6 18.Be2 a5 19.g5 d5 20.f5 Bd6 21.Bf4 Bxf4 22.Qxf4 Qxf4
23.Rxf4 e5 24.Rf2 dxe4 25.Nxe4 Nd4 26.Nxd4 Bxe4 27.Nb3 Bxc2 28.Nxa5 Bxa4
29.Nc4 Nxc4 30.Bxc4 Bb5 31.Bb3 Rfc8 32.g6 Bc4 33.Bxc4 Rxc4 34.gxf7+ Kxf7
35.Ra7+ Kf6 36.Ra6+ Kg5 37.Re6 Rb5 38.f6 gxf6 39.Rfxf6 Rd5 40.Rf8 Rg4+ 41.Kf2 Rf4+
42.Rxf4 exf4 43.Rb6 Rd2+ 44.Kf3 Rd3+  0-1

[Event "Balkaniad (Men)"]
[Site "?"]
[Date "1993.??.??"]
[Round "3"]
[White "Milu, Romeo Sorin"]
[Black "Grivas, Efstratios"]
[Result "1/2-1/2"]
[WhiteElo "2400"]
[BlackElo "2505"]

1.e4 c5 2.Nf3 Nc6 3.d4 cxd4 4.Nxd4 Qb6 5.Nb3 Nf6 6.Nc3 e6 7.Bd3 d6 8.Qe2 a6
9.a4 Be7 10.O-O O-O 11.a5 Qc7 12.Be3 Bd7 13.Bb6 Qb8 14.f4  1/2-1/2

[Event "JUG-chT (Women)"]
[Site "Becici"]
[Date "1993.??.??"]
[Round "?"]
[White "Todorovic, Violeta"]
[Black "Strizak, Natasa"]
[Result "0-1"]
[WhiteElo "2035"]
[BlackElo "2185"]

1.e4 c5 2.Nf3 Nc6 3.d4 cxd4 4.Nxd4 Qc7 5.Nc3 e6 6.Be2 a6 7.a4 Nf6 8.O-O Be7
9.Be3 d6 10.Kh1 e5 11.Nb3 O-O 12.a5 Be6 13.Bb6 Qd7 14.f4 exf4 15.Rxf4 Bd8
16.Nd5 Bxd5 17.exd5 Ne5 18.Bf2 Re8 19.Bf3 Rc8 20.c3 Nc4 21.Nd2 Ne5 22.Ne4 Nxe4
23.Bxe4 g6 24.Bc2 Rf8 25.Bd4 Bg5 26.Re4 f5 27.Re1 Bf6 28.b4 Qg7 29.h3 Rf7
30.Bb3 f4 31.Rf1 f3 32.gxf3 Qh6 33.Kg2 Qg5+ 34.Kh2 Qf4+ 35.Kg2 Bh4 36.Bf2 Nxf3
37.Bxh4 Qh2+  0-1

[Event "JUG-chT2"]
[Site "Becici"]
[Date "1993.??.??"]
[Round "2"]
[White "Popovic, Petar"]
[Black "Djukic, Zeljko"]
[Result "1-0"]
[WhiteElo "2520"]
[BlackElo "2410"]

1.e4 c5 2.Nf3 Nc6 3.d4 cxd4 4.Nxd4 Qb6 5.Nb3 Nf6 6.Nc3 e6 7.Bd3 Be7 8.O-O O-O
9.Be3 Qc7 10.f4 d6 11.g4 Re8 12.g5 Nd7 13.Qh5 g6 14.Qh4 Bf8 15.Rf3 Bg7 16.Rh3 Nf8
17.Rd1 a6 18.f5 Ne5 19.f6 Bh8 20.a4 b6 21.Be2 Bd7 22.Qf2 Reb8 23.Bf4 b5 24.axb5 axb5
25.Bxe5 dxe5 26.Nc5 b4 27.Nxd7 Nxd7 28.Rxd7 Qxd7 29.Qh4 Ra1+ 30.Kg2 h5 31.Bxh5 Qd4
32.Bd1  1-0

[Event "JUG-chT2"]
[Site "Becici"]
[Date "1993.??.??"]
[Round "3"]
[White "Vukovic, Zdravko"]
[Black "Damljanovic, Branko"]
[Result "1-0"]
[WhiteElo "2435"]
[BlackElo "2550"]

1.e4 c5 2.Nf3 Nc6 3.d4 cxd4 4.Nxd4 Qc7 5.Be2 e6 6.O-O Nf6 7.Nc3 a6 8.Kh1 Be7
9.f4 d6 10.Be3 O-O 11.Qe1 Bd7 12.Qg3 Kh8 13.a3 Rae8 14.Bd3 Bd8 15.Nf3 e5
16.fxe5 Nxe5 17.Bg5 Be6 18.Nd4 Ng8 19.Nce2 Bxg5 20.Qxg5 Bc8 21.Ng3 g6 22.Nge2 b6
23.Nf4 Bb7 24.Nfe6 fxe6 25.Rxf8 Rxf8 26.Nxe6 Qc8 27.Nxf8 Qxf8 28.Rf1 Qe8
29.Qe3 Qd8 30.Qe2 a5 31.Qf2 Kg7 32.b4 a4 33.Qd4 Nf6 34.b5 Qc7 35.Qxa4 Bc8
36.Qd4 Be6 37.Qf2 Nfd7 38.Qh4  1-0

[Event "Belgrade Beopromet"]
[Site "Belgrade"]
[Date "1993.??.??"]
[Round "5"]
[White "Zontakh, Andrey"]
[Black "Damjanovic, Vladimir"]
[Result "1/2-1/2"]
[WhiteElo "2455"]
[BlackElo "2320"]

1.e4 c5 2.Nf3 Nc6 3.d4 cxd4 4.Nxd4 Qb6 5.Nb3 Nf6 6.Nc3 e6 7.Qe2 Be7 8.e5 Nd5
9.Nxd5 exd5 10.Bf4 Qb4+ 11.Bd2 Qe4 12.Qxe4 dxe4 13.Bc3 O-O 14.O-O-O Re8 15.Kb1 Bb4
16.Bxb4 Nxb4 17.Rd4 Nc6 18.Rxe4 d5 19.Re1 Rxe5 20.Bb5 Kf8 21.Rxe5 Nxe5 22.Re1 Bd7
23.Rxe5 Bxb5 24.Nd4 Re8 25.Rxe8+ Bxe8 26.b4 Bd7 27.Kb2 Ke7 28.Kc3 Kd6 29.Nf3 Bg4
30.Ne1 Bf5 31.Kd4 b6 32.a3 f6 33.c3 Kc6 34.g3 Be4 35.f3 Bg6 36.Ng2 Bh5 37.f4 Bf7
38.Ne3 Be6 39.a4 Kd6 40.b5 g6 41.Nc2 Bg4 42.Ne3 Bf3 43.h4 h5  1/2-1/2

[Event "Belgrade Trako"]
[Site "Belgrade"]
[Date "1993.??.??"]
[Round "11"]
[White "Zontakh, Andrey"]
[Black "Damjanovic, Vladimir"]
[Result "1-0"]
[WhiteElo "2455"]
[BlackElo "2320"]

1.e4 c5 2.Nf3 Nc6 3.d4 cxd4 4.Nxd4 Qb6 5.Nb3 Nf6 6.Nc3 e6 7.Be3 Qc7 8.f4 d6
9.Qd2 a6 10.Be2 b5 11.Bf3 Rb8 12.O-O-O Be7 13.g4 Nd7 14.g5 Nb6 15.Bxb6 Qxb6
16.h4 b4 17.Ne2 a5 18.Nbd4 Nxd4 19.Nxd4 g6 20.e5 Bb7 21.Bxb7 Rxb7 22.Nf3 d5
23.h5 Rf8 24.Kb1 Bc5 25.Qe2 a4 26.Rd3 Kd8 27.Nh2 Kc8 28.Ng4 Be7 29.Qd1 Kb8
30.hxg6 hxg6 31.Rh7 Qc6 32.Nf6 Rc7 33.Rh2 Qc4 34.Rd4 Qb5 35.Rd3 Rfc8 36.Rhd2 Rh8
37.Qf3 Bxf6 38.gxf6 Rc4 39.a3 Rh4 40.Rd4 bxa3 41.Qxa3 Qc5 42.Qxc5 Rxc5 43.Rb4+ Kc8
44.Rxa4 Rc4 45.Rxc4+ dxc4 46.Rd4 g5 47.Rxc4+ Kb7 48.Rd4 gxf4 49.Kc1 Kc6 50.b4 Rh5
51.Rxf4 Kd5 52.Kb2 Kxe5 53.Rf3 Kd4 54.Kb3 Ke4 55.Rf1 Ke3 56.c4 Rf5 57.Rxf5 exf5
58.c5 f4 59.c6 f3 60.c7 f2 61.c8=Q f1=Q 62.Qc5+  1-0

[Event "Benasque op"]
[Site "Benasque"]
[Date "1993.??.??"]
[Round "7"]
[White "Perez Pardo, Juan Carlos"]
[Black "Urday, Henry"]
[Result "0-1"]
[WhiteElo "2275"]
[BlackElo "2455"]

1.e4 c5 2.Nf3 Nc6 3.d4 cxd4 4.Nxd4 Qb6 5.Nb3 Nf6 6.Nc3 e6 7.Bd3 d6 8.O-O a6
9.Kh1 Be7 10.f4 Qc7 11.a4 b6 12.Be3 Bb7 13.Qe2 O-O 14.Nd4 Nb4 15.f5 e5 16.Nf3 d5
17.Bg5 Rfe8 18.Rac1 h6 19.Bh4 d4 20.Nb1 Rac8 21.Bxf6 Bxf6 22.Qd2 Qc5 23.g4 Nd5
24.h4 Ne3 25.g5 Bd8 26.f6 hxg5 27.hxg5 gxf6 28.gxf6 Bxf6 29.Rg1+ Kf8 30.c3 Ke7
31.cxd4 Rh8+ 32.Nh2 Qxd4 33.Nc3 Rxc3 34.bxc3 Bxe4+  0-1

[Event "Berliner Sommer"]
[Site "Berlin"]
[Date "1993.??.??"]
[Round "?"]
[White "Shmuter, Leonid"]
[Black "Preuschoff, Michael"]
[Result "1/2-1/2"]
[WhiteElo "2455"]
[BlackElo "2260"]

1.e4 c5 2.Nf3 Nc6 3.d4 cxd4 4.Nxd4 Qc7 5.Nc3 e6 6.Be3 a6 7.Bd3 Nf6 8.O-O Ne5
9.h3 b5 10.a3 Bb7 11.Qe2 Rc8 12.f4 Nc4 13.Ndxb5 axb5 14.Nxb5 Qc6 15.Na7 Qc7
16.Nb5 Qc6  1/2-1/2

[Event "Bucharest TIT-2 (Women)"]
[Site "Bucharest"]
[Date "1993.??.??"]
[Round "1"]
[White "Ghinda, Eugenia"]
[Black "Lupu, Smaranda  B"]
[Result "0-1"]
[WhiteElo "2160"]
[BlackElo "2145"]

1.e4 c5 2.Nf3 Nc6 3.d4 cxd4 4.Nxd4 Qc7 5.Nc3 e6 6.Be2 a6 7.O-O Nf6 8.Kh1 Bb4
9.Nxc6 bxc6 10.f4 d5 11.e5 Nd7 12.Na4 Be7 13.c4 Bb7 14.Be3 Rc8 15.Rc1 Qb8
16.c5 a5 17.Bd4 Qc7 18.Bd3 Ra8 19.Qe2 g6 20.f5 gxf5 21.Bxf5 Ba6 22.Qh5 Bxf1
23.Bxe6 Bd3 24.Bxd7+ Qxd7 25.e6 Qxe6 26.Bxh8 Qe3 27.Rg1 Rb8 28.Bc3 Qg5 29.Qh3  0-1

[Event "Bucharest2"]
[Site "Bucharest"]
[Date "1993.??.??"]
[Round "2"]
[White "Vasilescu, Lucian"]
[Black "Gilbert, Christophe"]
[Result "0-1"]
[WhiteElo "2400"]
[BlackElo "2100"]

1.e4 c5 2.Nf3 Nc6 3.d4 cxd4 4.Nxd4 Qc7 5.c4 Nf6 6.Nc3 Nxe4 7.Nxe4 Qe5 8.Nb5 Qxe4+
9.Be2 Qe5 10.g3 Qb8 11.Bf4 e5 12.Be3 Bb4+ 13.Kf1 d6 14.a3 Bc5 15.Bxc5 Bh3+
16.Kg1 dxc5 17.Bg4 Bxg4 18.Qxg4 O-O 19.Rd1 Nd4 20.Nxd4 exd4 21.b4 b6 22.h4 Qd6
23.b5 Rfe8 24.Kg2 Re6 25.Qf3 Rae8 26.Rd2 Re4 27.Rc1 R8e5 28.Rcc2 Qe6 29.Kh2 h5
30.a4 g6 31.a5 bxa5 32.Qa3 Re1  0-1